Два письма барона Николая Александровича Врангеля начальнику штаба морской крепости Петра I, Владимиру Александровичу Любинскому...

Доступно только в Электронных читальных залах Найти на картеНа карте
RUSMARC
00003822nmc2a2200000 x 450
0010a7fc84d-3ed4-4483-9442-6b28b00142fb
00520151224105317.0
100##$a20150203l19161916k l0rusy0189 ca
1010#$arus
102##$aRU
2001#$aДва письма барона Николая Александровича Врангеля начальнику штаба морской крепости Петра I, Владимиру Александровичу Любинскому, о выводе из мызы "Чудлей" расквартированных в ней войсковых частей и о вырубке древесных насаждений
$j1916 г.
251##$cДело
300##$aДело
801#0$aRU
$bРГИА
$c20150203
$gRCR
801#1$aRU
$bГлавНИВЦ
$c20150203
$2rusmarc
801#2$aRU
$bПБ им. Б.Н. Ельцина
$c20151224
$gRCR
$2rusmarc
850##$aРГИА
852##$aРГИА
$eФедеральное казенное учреждение "Российский государственный исторический архив" (РГИА)
$j99
937##$hРГИА
$d12145306
$aASBIBLIO_SCAN
462#0$100146b7a2a3-2139-4c9a-96fd-afbb226c52f6
$12001
$aАрхив барона Николая Александровича Врангеля
$1251
$cОпись
$1852
$j1
461#0$10016e313960-f5d5-45e7-9ba9-a0527011194e
$12001
$aВрангель, барон Николай Александрович (р. 1869), генерал-лейтенант, управляющий делами великого князя михаила Александровича
$1251
$cФонд
$1852
$j920
215##$a4 л.
$d36,5x26 см
371##$aДокумент не является опубликованным и широко распространяемым
105##$ay###
1222#$ad
330##$aПриложено ответное письмо В.А. Любинского. Черновики
035##$a0a7fc84d-3ed4-4483-9442-6b28b00142fb
Формат отображения